000
00279nam a2200097Ia 4500
008
220204s9999 xx 000 0 und d
082
_a
912(084.3)(548)
_b
AND;1
245
0
_a
Andhra Pradesh: Tourist guide with maps and road distances
260
_a
Cochin
_b
Rachana
_c
1978
942
_c
BK
999
_c
29111
_d
29111